000 00479nam a2200145Ia 4500
003 GCL
008 140319s9999 xx 000 0 ara d
040 _aGCL /
_cGCL
082 0 4 _a801.92
_bب ن
100 1 _aزيما بييير
245 1 0 _aالنقد الاجتماعى: نحو علم اجتماع للنص الادبى /
_cزيما بييير
260 _a[S.N] :
_bدار الفكر للدراسات والنشر والتوزيع ،
_c1991
300 _a388 ص
490 _a
999 _c40949
_d40949